000 00724nam a2200289Ia 4500
005 20260324113643.0
008 008 260324s9999 xx 000 0 eng d
020 _a9781003317623
037 _aEBOOK
040 _aCRL
040 _beng
040 _cCRL
041 _2eng
041 _aeng
084 _qCRL
100 _aJoseph P. Forgas; William D. Crano; Klaus Fiedler
_91147636
245 4 _aThe Psychology of Insecurity
245 0 _bSeeking Certainty Where None Can Be Found
260 _bTaylor and Francis
260 _c2023
365 _a
365 _b205
856 _uhttp://www.taylorfrancis.com/books/9781003317623
942 _cEBOOK
999 _c1737398
_d1737398